The Wild world of Egypt mammals, reptiles, amphibians, birds /

محفوظ في:

مؤلف مشترك: Markaz al-Qawmī li-Tawthīq al-Turāth al-Ḥaḍārī wa-al-Ṭabīʻī (Egypt)

التنسيق: الكتروني كتاب

اللغة: English

منشور في: Alexandria (Egypt) : Bibliotheca Alexandrina, CULTNAT, Center for Documentation of Cultural and Natural Heritage, [2005?].

سلاسل: The natural heritage documentation program ; CD ROM 1.

الموضوعات:

الوسوم: إضافة وسم

لا توجد وسوم, كن أول من يضع وسما على هذه التسجيلة!

رقم الطلب: QL337 .E3 W31 2005

LEADER 01289nam a2200265Ia 4500
003 OSt
005 20240716120954.0
008 050720s2005 ua i 000 0 eng d
952 |0 0  |1 0  |2 lcc  |3 CD  |4 0  |6 QL0337 E3 W31 02005  |7 1  |9 43892  |a ARCE  |b ARCE  |d 2022-11-24  |l 0  |o QL337 .E3 W31 2005  |p 1038890  |r 2022-11-24 00:00:00  |w 2022-11-24  |y BK 
999 |c 50349  |d 50349 
040 |c ARCE Library 
050 4 |a QL337 .E3 W31 2005 
245 0 4 |a The Wild world of Egypt   |h [electronic resource] :   |b mammals, reptiles, amphibians, birds /   |c Center for documentation of Cultural and Natural Heritage. 
264 1 |a Alexandria (Egypt) :   |b Bibliotheca Alexandrina, CULTNAT, Center for Documentation of Cultural and Natural Heritage,   |c [2005?]. 
300 |a 1 computer disc :   |b sound, color ;   |c 4 3/4 in. 
490 0 |a The natural heritage documentation program ; CD ROM 1. 
500 |a Title from title screen. 
505 0 |a Mammal -- Birds -- Reptiles & amphibians -- The endangered animals -- The playground. 
546 |a Chiefly English; names of animals also in Arabic. 
650 0 |a Animals -- Egypt. 
650 0 |a Natural History -- Egypt. 
651 0 |a Egypt -- Alexandria. 
710 2 |a Markaz al-Qawmī li-Tawthīq al-Turāth al-Ḥaḍārī wa-al-Ṭabīʻī (Egypt) 
901 |a reviewed 
942 |2 lcc  |c BK